[Event "EU Corporate-ch"]
[Site "Rotterdam"]
[Date "2022.06.18"]
[Round "3"]
[White "Pedersen, Christopher RNH"]
[Black "Goulis, Panagiotis"]
[Result "0-1"]
[WhiteElo "2118"]
[BlackElo "1240"]
[PlyCount "102"]
[EventDate "2022.06.18"]
[EventType "team-tourn (rapid)"]
[EventRounds "9"]
[EventCountry "NED"]
[SourceTitle "EXT 2023"]
[Source "ChessBase"]
[SourceDate "2022.10.05"]
[SourceVersion "1"]
[SourceVersionDate "2022.10.05"]
[SourceQuality "1"]

1. e4 c5 2. Nf3 d6 3. d4 cxd4 4. Nxd4 Nf6 5. Bd3 Nbd7 6. Be3 a6 7. h3 b5 8. 0-0 Bb7 9. Nd2 Nc5 10. f3 Nxd3 11. cxd3 g6 12. Ne2 Bg7 13. Bd4 e5 14. Be3 0-0 15. Bg5 Qb6+ 16. Kh1 Rac8 17. Rc1 Nd7 18. Rc3 Nc5 19. b3 b4 20. Rc1 Nxd3 21. Nc4 Nf2+ 22. Rxf2 Qxf2 23. Nxd6 Rxc1 24. Qxc1 Qxe2 25. Nxb7 Qxa2 26. Qc4 Qa1+ 27. Kh2 Qd4 28. Qxa6 Rc8 29. Nd6 Rb8 30. Nc4 h6 31. Be7 Qc3 32. Qd6 Ra8 33. Qc6 Ra7 34. Qe8+ Kh7 35. Qb8 Rxe7 36. Nd6 Qxb3 37. Qb5 Qe6 38. Nc4 Rd7 39. Qxb4 Rc7 40. Qd6 Qxd6 41. Nxd6 Rd7 42. Nc4 Rd4 43. Nd6 Kg8 44. Kg3 Rxd6 45. f4 exf4+ 46. Kxf4 g5+ 47. Ke3 Re6 48. Kd3 h5 49. Ke3 Bh6 50. Kf3 Bg7 51. Ke3 f5 0-1